000 00306nam a22001337a 4500
020 _a9781782747277
040 _cNUST
082 _a623.7475209 HAS
100 _aHASKEW, MICHAEL E.
_996802
245 _aTANKS
260 _aLONDON:
_bAmber Books Ltd,
_c2019.
650 _aTANKS
_996803
942 _2ddc
_cBK
999 _c590876
_d590876